10 x 10 Picross avec 3 vies - "Voltiger" - Statistiques

Statistiques générales
  • Ce quiz a été pris 739 fois
  • Le résultat moyen est 63 sur 100
Statistiques - réponses
Réponse % Correct
d
90%
d
88%
d
88%
d
88%
d
88%
d
87%
d
77%
x
77%
d
76%
x
76%
d
73%
d
72%
x
72%
d
71%
x
70%
d
69%
x
69%
d
68%
d
68%
x
68%
x
68%
x
67%
d
66%
d
66%
d
66%
x
66%
x
66%
x
65%
x
65%
x
65%
d
64%
x
64%
x
64%
x
64%
d
63%
d
63%
d
63%
x
63%
x
63%
x
63%
x
63%
d
62%
x
62%
x
62%
x
62%
x
62%
x
62%
d
61%
d
61%
d
61%
x
61%
x
61%
x
61%
x
61%
d
60%
d
60%
d
60%
d
60%
d
60%
x
60%
x
60%
x
60%
x
60%
d
59%
x
59%
x
59%
x
59%
d
58%
x
58%
x
58%
x
58%
x
58%
x
58%
d
57%
d
56%
d
56%
x
56%
x
56%
x
56%
x
56%
d
55%
x
55%
x
55%
d
54%
d
54%
x
54%
x
54%
d
53%
x
53%
x
53%
d
52%
d
52%
x
52%
d
51%
x
51%
d
50%
x
50%
d
49%
d
49%
x
49%
Aucun quiz correspondant
Distribution des résultats
% des personnes avec chaque résultat
Percentile par nombre de réponses
Votre historique - résultats
Vous n’avez pas pris ce quiz